Aritmética. Testo arreglado conforme a los Programas vigentes i aprobado por el Consejo de Instrucción Pública. Tomo Segundo
Shranjeno v:
| Main Authors: | , |
|---|---|
| Format: | Knjiga |
| Jezik: | španščina |
| Izdano: |
Santiago
Sociedad Imprenta y Litografía Universo
1913
|
| Izdaja: | 8a. ed |
| Teme: | |
| Oznake: |
Označite
Brez oznak, prvi označite!
|
MARC
| LEADER | 00000nam a2200000 a 4500 | ||
|---|---|---|---|
| 001 | UCJ8281 | ||
| 003 | CL-VaPUC | ||
| 008 | 070124e19130000CL |||||||||||||||||spa|d | ||
| 082 | 0 | 4 | |a 510 |b PRO |2 21 |
| 100 | 0 | |a Pröschle, Francisco W |e author |9 517033 | |
| 700 | 0 | |a Yáñez B., Mardoqueo |e author |9 517034 | |
| 245 | 1 | 0 | |a Aritmética. Testo arreglado conforme a los Programas vigentes i aprobado por el Consejo de Instrucción Pública. Tomo Segundo |
| 250 | |a 8a. ed | ||
| 300 | |a 128 p | ||
| 942 | |c BK | ||
| 945 | |d 20070124 00:00:00 |a rinostro | ||
| 260 | |a Santiago |b Sociedad Imprenta y Litografía Universo |c 1913 | ||
| 650 | 0 | |a Textos escolares |9 382843 | |
| 650 | 0 | |a Aritmética |9 270049 | |
| 583 | |a last modification |c 20070124 00:00:00 |k Rodrigo Vera | ||
| 999 | |c 324056 |d 324054 | ||
| 952 | |0 0 |1 0 |4 0 |6 510_000000000000000_PRO_1913 |7 0 |8 X |9 403957 |a FDOBUD |b FDOBUD |d 2019-11-22 |i 1075411 |o 510 PRO 1913 |p 1075411 |r 2019-11-22 |w 2019-11-22 |y BK_X |k BUD | ||